Λογισμικό Ανοικτού Κώδικα : διπλωματική εργασία
Αποθηκεύτηκε σε:
| Κύριος συγγραφέας: | |
|---|---|
| Συγγραφή απο Οργανισμό/Αρχή: | |
| Άλλοι συγγραφείς: | |
| Μορφή: | Thesis Βιβλίο |
| Γλώσσα: | Greek |
| Δημοσίευση: |
2006
|
| Θέματα: | |
| Διαθέσιμο Online: | http://hdl.handle.net/11610/9547 |
| Ετικέτες: |
Προσθήκη ετικέτας
Δεν υπάρχουν, Καταχωρήστε ετικέτα πρώτοι!
|
MARC
| LEADER | 00000cam a2200000 i 4500 | ||
|---|---|---|---|
| 001 | 1/38190 | ||
| 008 | 061127s2006 gre d | ||
| 035 | |l 10086287 | ||
| 040 | |a GR-MY-UA |b gre |e aacr | ||
| 041 | 0 | |a gre | |
| 082 | 0 | |a 005.3 |2 (22) | |
| 100 | 1 | |a Φλωρόπουλος, Βασίλειος. | |
| 245 | 1 | 0 | |a Λογισμικό Ανοικτού Κώδικα : |b διπλωματική εργασία / |c Φλωρόπουλος Βασίλειος ; επιβλέπων Νικητάκος Νικήτας |
| 260 | |c 2006 | ||
| 300 | |a 73 σ.; |c 30 εκ. | ||
| 502 | # | # | |a Πτυχιακή εργασία – Πανεπιστήμιο Αιγαίου, Χίος, 2006. |
| 504 | |a Περιλαμβάνει βιβλιογραφία | ||
| 610 | 2 | 0 | |a Πανεπιστήμιο Αιγαίου. |
| 650 | 0 | 0 | |a Open source software. |
| 650 | 0 | 0 | |a Dissertations, Academic |z Greece. |
| 700 | 1 | |4 ths |a Νικητάκος, Νικήτας. | |
| 710 | 1 | |a Πανεπιστήμιο Αιγαίου |b Σχολή Επιστημών της Διοίκησης |b Τμήμα Ναυτιλίας και Επιχειρηματικών Υπηρεσιών - Τ.Ν.Ε.Υ. | |
| 852 | |a INST |b CHIOS |c DIATR |e 20061127 |h 005.3 ΦΛΩ |p 005200026605 |q 005200026605 |t DIE |y 23 | ||
| 852 | |a INST |b CHIOS |c DIATR |e 20061127 |h 005.3 ΦΛΩ |p 005200026606 |q 005200026606 |t DIE |y 23 | ||
| 856 | |u http://hdl.handle.net/11610/9547 | ||
| 901 | |a BIBL2-2006-3 | ||
| 909 | |a Χ |b 130693 | ||
| 909 | |a Χ |b 130694 | ||
| 924 | |a ΦΛΩΡΟΠΟΥΛΟΣ |b ΒΑΣΙΛΕΙΟΣ |y ΧΙΟΣ |z 2006-11 | ||
| 970 | |a ΒΑΣΙΛΑΚΗ |b ΝΙΚΗ |z 2006/11/27 | ||